000 00635nam a22002177a 4500
008 240619b mp ||||| |||| 00| 0 mon d
020 _a976-99929-1-142-5
035 _a1381
040 _aUV1862160
_bmon
_cMN-UlNLM
_dMN-UlNLM
_erda
041 _amon
042 _a1741
082 _210-t
_a894.23
_bМ.263
100 _aМаркес Г.
245 0 _aАлдагдсан цагийн тэнгис
264 _aУлаанбаатар
_bМөнхийн үсэг ХХК
_c2007
300 _a108х.
336 _2rdacontent
_atext
_btxt
337 _2rdamedia
_aunmediated
_bn
338 _2rdacarrier
_avolume
_bnc
942 _210-t
_cBK
999 _c904536
_d904593